00692nam a2200181Ia 4500001001000000003000500010008004100015010001100056040000900067100003400076245017100110260003500281300001000316502008900326650002900415650001600444710005000460Para_1021CHAP220125s1995 xx 000 0 und d a199681 cCHAP aMolina Perez, Alfonso Roberto aControl quimico del nematodo dorado de la papa Glodobera sostochiensis (Woll, 1923) Mulvey y Stone, 1976, en Villareal, Tlaxcala /c por Alfonso Roberto Molina Perez aChapingo, Méx. :b El autor a68 h. aTesis (Ing. Agr. Esp. en Parasitología Agrícola) -- UACh. Depto. Parasitología aGlodobera rostochiensis  aNematicidas aUACh. Departamento Parasitología Agrícola